书目信息 |
| 题名: |
概率论与数理统计
|
|
| 作者: | 陈荣军 , 钱峰 主编 | |
| 分册: | ||
| 出版信息: | 南京 南京大学出版社 2020.08 |
|
| 页数: | 271页 | |
| 开本: | 23cm | |
| 丛书名: | 21世纪应用型本科院校系列教材 | |
| 单 册: | ||
| 中图分类: | O21 | |
| 科图分类: | ||
| 主题词: | 概率论--gai lv lun--高等学校--教材 , 数理统计--shu li tong ji--高等学校--教材 | |
| 电子资源: | ||
| ISBN: | 978-7-305-23004-2 | |
| 000 | 01124nam 2200289 450 | |
| 001 | 0100028733 | |
| 005 | 20211025120159.0 | |
| 010 | @a978-7-305-23004-2@dCNY43.50 | |
| 100 | @a20201012d2020 em y0chiy50 ea | |
| 101 | 0 | @achi |
| 102 | @aCN@b320000 | |
| 105 | @aak z 000yy | |
| 106 | @ar | |
| 200 | 1 | @a概率论与数理统计@Agai shuai lun yu shu li tong ji@f主编陈荣军, 钱峰 |
| 210 | @a南京@c南京大学出版社@d2020.08 | |
| 215 | @a271页@c图@d23cm | |
| 225 | 2 | @a21世纪应用型本科院校系列教材@A21 shi ji ying yong xing ben ke yuan xiao xi lie jiao cai |
| 330 | @a本书是在应用型本科院校大力推进公共数学改革的背景下编写的, 内容包括随机事件与概率、一维随机变量、多维随机变量、大数定律与中心极限定理、数理统计基础知识、参数估计和假设检验共七个章节。 | |
| 333 | @a“十三五”江苏省高等学校重点教材 | |
| 410 | 0 | @12001 @a21世纪应用型本科院校系列教材 |
| 606 | 0 | @a概率论@Agai lv lun@x高等学校@j教材 |
| 606 | 0 | @a数理统计@Ashu li tong ji@x高等学校@j教材 |
| 690 | @aO21@v5 | |
| 701 | 0 | @a陈荣军@Achen rong jun@4主编 |
| 701 | 0 | @a钱峰@Aqian feng@4主编 |
| 801 | 0 | @aCN@c20210909 |
| 905 | @a河南城建学院图书馆@dO21@eC542 | |
| 概率论与数理统计/主编陈荣军, 钱峰.-南京:南京大学出版社,2020.08 |
| 271页:图;23cm.-(21世纪应用型本科院校系列教材) |
| 使用对象:“十三五”江苏省高等学校重点教材 |
| ISBN 978-7-305-23004-2:CNY43.50 |
| 本书是在应用型本科院校大力推进公共数学改革的背景下编写的, 内容包括随机事件与概率、一维随机变量、多维随机变量、大数定律与中心极限定理、数理统计基础知识、参数估计和假设检验共七个章节。 |
| ● |
| 相关链接 |
|
|
|
正题名:概率论与数理统计
索取号:O21/C542
 
预约/预借
| 序号 | 登录号 | 条形码 | 馆藏地/架位号 | 状态 | 备注 |
| 1 | 1545911 | 215459117 | 自科库401/401自科库 46排2列1层/ [索取号:O21/C542] | 在馆 | |
| 2 | 1545912 | 215459126 | 自科库401/401自科库 46排2列1层/ [索取号:O21/C542] | 在馆 |